04037pam a2200301 i 45000010008000000030006000080050017000140080041000310100017000720200018000890350017001070400082001240410012002060420008002180500026002261000033002522450083002852640081003682640011004493000044004605040051005045050678005555201209012335201208024426500025036506500037036756500023037127590347CaAEU20250707135949.0160415t20162016nyua b 001 0 eng  a 2016016991 a9781501306686 aocn908262355 aDLCbengerdacDLCdYDXCPdBTCTAdBDXdOCLCOdOCLCQdOCLCOdOCLCFdOCLCOdUAB aEnglish apcc00aHF5415.1255bD37 2016 aD'Arienzo, William,eauthor.10aBrand management strategies b: luxury and mass markets c/ William D'Arienzo. 1aNew York :bFairchild Books, an imprint of Bloomsbury Publishing Inc,c2016. 4c©2016 axv, 368 pages :billustrations ;c24 cm aIncludes bibliographical references and index.8 aPart One: The Evolution of Brands — The Emergence of Brands — The Nature of Luxury Brands — From Luxury to Mass — Part Two: Building the Brand — Segmentation Models — Brand Loyalty — The Brand Promise — Measuring Brand Value — Creating Brand Names and Protecting Trademarks — Part Three: Maintaining the Brand — Staying On-Brand in a Consumer-Centric Age — The Brand Lifecycle — Consumer Brand Engagement — Part Four: Brand Perspectives in the Global and Digital World — Mass Brand Management in a Digital World — Luxury Brand Management in a Digital World — Global Brand Management — Insights and Trends in Brand Management Research. a"Brand Management Strategies: Luxury and Mass Markets explains how a brand can successfully drive global business development. The text takes an applied approach with supporting examples from current fashion and non-fashion brands. The book provides an introduction to the evolution of branding, next discusses the consumer and business perspectives of branding, and how to create and maintain successful brands. D'Arienzo's approach rests on these three main pillars of branding: We are all in the Consumer Packaged Goods business. We are all in the business of solving problems for consumers rather than selling to them. We are all in a consumer-centric global culture and brands are its universal language. Building from this strategic framework, a unique theme throughout this book is the analyses of luxury brand strategies and how they differ from their mainstream mass market brand counterparts. Matrices and tools in the book have been developed and tested in both the classroom and boardroom. Brand Management Strategies provides students with the tools, techniques, and strategies needed to learn how to effectively establish a brand and build a sustainable business."--cProvided by publisher. a"Brand Management Strategies: Luxury and Mass Markets explains how a brand can successfully drive global business development. The text takes an applied approach with supporting examples from current fashion and non-fashion brands. The book provides an introduction to the evolution of branding, next discusses the consumer and business perspectives of branding, and how to create and maintain successful brands. D'Arienzo's approach rests on these three main pillars of branding: We are all in the Consumer Packaged Goods business. We are all in the business of solving problems for consumers rather than selling to them. We are all in a consumer-centric global culture and brands are its universal language. Building from this strategic framework, a unique theme throughout this book is the analyses of luxury brand strategies and how they differ from their mainstream mass market brand counterparts. Matrices and tools in the book have been developed and tested in both the classroom and boardroom. Brand Management Strategies provides students with the tools, techniques, and strategies needed to learn how to effectively establish a brand and build a sustainable business"--cProvided by publisher. 0aBranding (Marketing) 0aBrand name products xManagement 0aCustomer relations